Quelle ville des Etats-Unis est-ce ? #1 - Statistiques

Statistiques générales
  • Ce quiz a été pris 26 fois
  • Le résultat moyen est 4 sur 10
Statistiques - réponses
Par images Réponse % Correct
New York
76%
Seattle
68%
Chicago
60%
Miami
36%
Boston
32%
Dallas
32%
San Francisco
28%
Los Angeles
24%
Philadelphie
24%
Atlanta
12%
Aucun quiz correspondant
Distribution des résultats
% des personnes avec chaque résultat
Percentile par nombre de réponses
Votre historique - résultats
Vous n’avez pas pris ce quiz